[Event "Vladimir op-B"]
[Site "Vladimir"]
[Date "2009.08.19"]
[Round "1"]
[White "Lebedev, Roman"]
[Black "Bojarinov, Victor A"]
[Result "0-1"]
[WhiteElo "1710"]
[BlackElo "2328"]
[PlyCount "106"]
[EventDate "2009.08.19"]
[EventType "swiss"]
[EventRounds "9"]
[EventCountry "RUS"]
[SourceTitle "EXT 2012"]
[Source "ChessBase"]
[SourceDate "2011.11.24"]
[SourceVersion "1"]
[SourceVersionDate "2011.11.24"]
[SourceQuality "1"]

1. d4 Nf6 2. Nf3 e6 3. g3 b5 4. Bg2 Bb7 5. 0-0 Be7 6. Nbd2 0-0 7. c3 c5 8. Nb3 cxd4 9. Nbxd4 a6 10. Bd2 Nc6 11. Rc1 Na5 12. Ne1 Bxg2 13. Kxg2 Nc4 14. Rc2 Qa5 15. a3 Qb6 16. Nd3 Rfc8 17. Re1 d5 18. Bg5 a5 19. Qc1 h6 20. Bxf6 Bxf6 21. Nf3 e5 22. Nd2 Bg5 23. e3 Re8 24. Nxc4 dxc4 25. Nxe5 Rxe5 26. f4 Re4 27. fxg5 hxg5 28. Rf2 Rae8 29. Ref1 R8e7 30. Qd1 Rxe3 31. Qd5 Qb7 32. Qxb7 Rxb7 33. Rd1 Rbe7 34. Rd5 R3e5 35. Rd8+ Kh7 36. Rdd2 g4 37. Rd4 f5 38. a4 Rb7 39. axb5 Rexb5 40. Rdd2 Kg6 41. h3 gxh3+ 42. Kxh3 Kg5 43. Kg2 g6 44. Kf3 a4 45. Rh2 Rb3 46. Rhe2 a3 47. bxa3 Rxc3+ 48. Kg2 Rxa3 49. Rd4 Rbb3 50. Rxc4 Rxg3+ 51. Kh2 Rh3+ 52. Kg2 Rag3+ 53. Kf2 Rh2+ 0-1

[Event "Moscow op-B"]
[Site "Moscow"]
[Date "2009.02.06"]
[Round "7"]
[White "Lebedev, Roman"]
[Black "Staroselsky, Vladimir"]
[Result "1-0"]
[WhiteElo "1710"]
[BlackElo "1957"]
[PlyCount "77"]
[EventDate "2009.01.31"]
[EventType "swiss"]
[EventRounds "9"]
[EventCountry "RUS"]
[SourceTitle "EXT 2012"]
[Source "ChessBase"]
[SourceDate "2011.11.24"]
[SourceVersion "1"]
[SourceVersionDate "2011.11.24"]
[SourceQuality "1"]

1. d4 Nf6 2. c4 e6 3. Nc3 b6 4. Bg5 h6 5. Bh4 Be7 6. Nf3 Bb7 7. e3 0-0 8. Bd3 c6 9. 0-0 Re8 10. Bxf6 Bxf6 11. Ne4 Be7 12. Rc1 d6 13. c5 d5 14. Ng3 Nd7 15. b4 b5 16. e4 a5 17. exd5 exd5 18. a3 g6 19. Bxb5 axb4 20. axb4 cxb5 21. c6 Bxc6 22. Rxc6 Bxb4 23. Qb3 Nb8 24. Rcc1 Qd6 25. Ne5 Ra3 26. Qb2 Kg7 27. h3 f6 28. Nf3 Re7 29. h4 h5 30. Rc8 Nd7 31. Rfc1 Ra6 32. Rb1 Ra4 33. Rbc1 Qa6 34. Qb3 Nb6 35. R8c6 Rd7 36. Qe3 Re7 37. Qf4 Rf7 38. Rxf6 Qb7 39. Rcc6 1-0

[Event "Moscow op-B 04th"]
[Site "Moscow"]
[Date "2008.02.04"]
[Round "3"]
[White "Lebedev, Roman"]
[Black "Azizyan, Genrikh"]
[Result "0-1"]
[WhiteElo "1702"]
[BlackElo "2171"]
[PlyCount "48"]
[EventDate "2008.02.02"]
[EventType "swiss"]
[EventRounds "9"]
[EventCountry "RUS"]
[SourceTitle "CBM 122 Extra"]
[Source "ChessBase"]
[SourceDate "2008.03.04"]
[SourceVersion "1"]
[SourceVersionDate "2008.03.04"]
[SourceQuality "1"]

1. e4 c5 2. Nf3 e6 3. d4 cxd4 4. Nxd4 a6 5. Nc3 Qc7 6. Bd3 Bb4 7. Bd2 Nc6 8. Nxc6 bxc6 9. 0-0 Nf6 10. a3 Be7 11. Be3 d5 12. h3 e5 13. exd5 cxd5 14. Bg5 Be6 15. Re1 0-0 16. Qe2 e4 17. Bxa6 Rfb8 18. Rab1 Qa5 19. Bb5 d4 20. Bxf6 Bxf6 21. Nxe4 Rxb5 22. Nxf6+ gxf6 23. Qf3 Qd8 24. Qd3 Rg5 0-1

[Event "Kaluga Tsiolkovsky Memorial op"]
[Site "Kaluga"]
[Date "2007.08.04"]
[Round "2"]
[White "Lebedev, Roman"]
[Black "Sychev, Klementy"]
[Result "0-1"]
[WhiteElo "1729"]
[BlackElo "2129"]
[PlyCount "56"]
[EventDate "2007.08.03"]
[EventType "swiss"]
[EventRounds "9"]
[EventCountry "RUS"]
[SourceTitle "CBM 119 Extra"]
[Source "ChessBase"]
[SourceDate "2007.09.04"]
[SourceVersion "1"]
[SourceVersionDate "2007.09.04"]
[SourceQuality "1"]

1. d4 Nf6 2. Nf3 g6 3. c4 Bg7 4. Nc3 0-0 5. g3 d6 6. Bg2 Nbd7 7. 0-0 e5 8. dxe5 dxe5 9. Qc2 c6 10. Rd1 Qe7 11. e4 a5 12. Be3 Ng4 13. Qe2 Nxe3 14. Qxe3 Nc5 15. Rac1 Bg4 16. Rd2 Bxf3 17. Bxf3 Ne6 18. Rcd1 Nd4 19. Ne2 Bh6 20. Qxh6 Nxf3+ 21. Kg2 Nxd2 22. Rxd2 Rfd8 23. h4 Rxd2 24. Qxd2 Qb4 25. Qc3 Qxc3 26. Nxc3 Rd8 27. Kf1 Rd2 28. b3 Rc2 0-1